Constitutional choices (Record no. 300599)

MARC details
000 -LEADER
fixed length control field 00774cam a2200265 a 4500
005 - DATE AND TIME OF LATEST TRANSACTION
control field 20250715130959.0
008 - FIXED-LENGTH DATA ELEMENTS--GENERAL INFORMATION
fixed length control field 840822s1985 mau b 001 0 eng
020 ## - INTERNATIONAL STANDARD BOOK NUMBER
International Standard Book Number 9780674295322
020 ## - INTERNATIONAL STANDARD BOOK NUMBER
International Standard Book Number 9780674165380
043 ## - GEOGRAPHIC AREA CODE
Geographic area code n-us---
082 00 - DEWEY DECIMAL CLASSIFICATION NUMBER
Classification number 342.73 TRI
100 1# - MAIN ENTRY--PERSONAL NAME
Personal name Tribe, Laurence H.
245 10 - TITLE STATEMENT
Title Constitutional choices
260 ## - PUBLICATION, DISTRIBUTION, ETC. (IMPRINT)
Place of publication, distribution, etc. Cambridge
Name of publisher, distributor, etc. Harvard University Press
Date of publication, distribution, etc. 1985
300 ## - PHYSICAL DESCRIPTION
Extent xiv, 458
500 ## - GENERAL NOTE
General note Includes indexes.
650 #0 - SUBJECT ADDED ENTRY--TOPICAL TERM
Topical term or geographic name as entry element Constitutional law
942 ## - ADDED ENTRY ELEMENTS (KOHA)
Koha item type Law Books
336 ## - CONTENT TYPE
Content type term text
Content type code txt
Source rdacontent
337 ## - MEDIA TYPE
Media type term unmediated
Media type code n
Source rdamedia
338 ## - CARRIER TYPE
Carrier type term volume
Carrier type code nc
Source rdacarrier
650 #0 - SUBJECT ADDED ENTRY--TOPICAL TERM
Geographic subdivision United States.
906 ## - LOCAL DATA ELEMENT F, LDF (RLIN)
a 7
b cbc
c orignew
d 1
e ocip
f 19
g y-gencatlg
Holdings
Date last seen Total Checkouts Full call number Accession number Copy number Cost, replacement price Price effective from Category Lost status Source of classification or shelving scheme Damaged status Department Withdrawn status bill no. bill date Permanent Location Current Location Shelving location Entry date Vendor Cost, normal purchase price Grants Currency symbol Conversion rate Discount Discount type Checked out Date checked out
15/07/2025   342.73 TRI;1 R LL4383 1 821.25 15/07/2025 Law Books   Dewey Decimal Classification   LAW   272 01/04/2025 Law Library Law Library Law Library 20/06/2025 MPP House 1095.00 Law RS 1 25 %    
15/07/2025   342.73 TRI;1 R LL4384 2 821.25 15/07/2025 Law Books   Dewey Decimal Classification   LAW   272 01/04/2025 Law Library Law Library Law Library 20/06/2025 MPP House 1095.00 Law RS 1 25 %    
04/06/2026 1 342.73 TRI;1 R LL4385 3 821.25 15/07/2025 Law Books   Dewey Decimal Classification   LAW   272 01/04/2025 Law Library Law Library Law Library 20/06/2025 MPP House 1095.00 Law RS 1 25 % 18/06/2026 04/06/2026

© For any Suggestions or Query, please contact the library staff @ librarian@pes.edu or Phone: +9180 2672 1983/ 2108.